Statistics for States that voted for Obama in 2012

Click here to take the quiz!

General Stats

  • This quiz has been taken 20 times
  • The average score is 23 of 26

Answer Stats

Answer % Correct
Maine
100%
California
95%
Oregon
95%
Ohio
95%
New York
95%
New Jersey
95%
New Hampshire
95%
Maryland
95%
Michigan
95%
Washington
95%
Illinois
95%
Florida
95%
Rhode Island
95%
Vermont
90%
Minnesota
90%
Hawaii
90%
New Mexico
90%
Delaware
90%
Pennsylvania
90%
Virginia
85%
Colorado
85%
Connecticut
85%
Wisconsin
80%
Iowa
75%
Nevada
70%
Massachussets
45%

Score Distribution

Percentile by Number Answered

Percent of People with Each Score

Your Score History

You have not taken this quiz